Morir Juntos - Corina Smith, Lenny Tavárez - Estadísticas

Estadísticas generales
  • Esta prueba ha sido intentada 27 veces
  • La puntuación promedio es 111 de 309
Estadísticas de respuestas
Letra % Correcto
A
100%
a
100%
amamos
50%
baby
50%
Baby
50%
bebé
50%
con
50%
culpa
50%
dan
50%
daño
50%
el
50%
Es
50%
es
50%
hacemos
50%
importa
50%
juntos
50%
le
50%
50%
morir
50%
mundo
50%
nacimos
50%
no
50%
No
50%
nos
50%
para
50%
piense
50%
Que
50%
que
50%
queremos
50%
quien
50%
Si
50%
si
50%
solo
50%
Solo
50%
soñar
50%
te
50%
tenemos
50%
50%
50%
tu
50%
y
50%
yo
50%
Yo
50%
agarras
0%
amante
0%
amiga
0%
amor
0%
Amor
0%
antes,
0%
antes
0%
Bonnie & Clyde
0%
calles
0%
causante
0%
celos
0%
cintura
0%
Como
0%
como
0%
comparte
0%
conoces
0%
corazón
0%
cosas
0%
cuando
0%
de
0%
dementes,
0%
desde
0%
deseos
0%
detalles
0%
Diles
0%
enamoré
0%
enseñaste
0%
envidiosos
0%
era
0%
eres
0%
esta
0%
esto
0%
explicar
0%
fallarte
0%
frente
0%
fuego
0%
gente
0%
hablan
0%
harías
0%
hay
0%
hiciste
0%
hierro
0%
iguales
0%
la
0%
las
0%
locas,
0%
locura
0%
los
0%
más
0%
Me
0%
me
0%
mía
0%
mis
0%
mucho
0%
mueren
0%
murmuran
0%
Nuestro
0%
nunca
0%
Pero
0%
por
0%
Por
0%
Porque
0%
prohibido
0%
robaste
0%
sabe
0%
Se
0%
se
0%
0%
ser
0%
somos
0%
soy
0%
tengo
0%
tocan
0%
Todo
0%
transforma
0%
tuya
0%
vivos
0%
voy
0%
No se encontraron pruebas coincidentes
Distribución de puntuación
Porcentaje de gente con cada puntuación
Porcentaje por número respondido
Historial de tus puntuaciones
No has intentado esta prueba.